[Event "Thessaloniki-Chalkidiki-chT B local"]
[Site "Thessaloniki"]
[Date "2019.03.17"]
[Round "8.8"]
[White "Theodoridis, Georgios St"]
[Black "Tziournas, Grammelos"]
[Result "1/2-1/2"]
[WhiteElo "1067"]
[BlackElo "1008"]
[PlyCount "104"]
[EventDate "2019.01.13"]
[EventType "team-swiss"]
[EventRounds "9"]
[EventCountry "GRE"]
[SourceTitle "EXT 2020"]
[Source "ChessBase"]
[SourceDate "2019.10.17"]
[SourceVersion "1"]
[SourceVersionDate "2019.10.17"]
[SourceQuality "1"]

1. e4 e5 2. Nf3 Nc6 3. Nc3 Nf6 4. Bb5 d6 5. h3 Bd7 6. 0-0 Be7 7. d4 exd4 8. Nxd4 Nxd4 9. Bxd7+ Qxd7 10. Qxd4 h6 11. Be3 0-0 12. Rad1 Rfe8 13. Bf4 Qc6 14. Rfe1 a6 15. Re3 Kh7 16. Red3 Rad8 17. Be3 Bf8 18. f3 Be7 19. Bf2 Nd7 20. Qd5 Qxd5 21. Nxd5 Rc8 22. Nxe7 Rxe7 23. Rc3 Ne5 24. Rxd6 cxd6 25. Rxc8 Nc6 26. Bg3 Rd7 27. c3 g6 28. Kf2 Kg7 29. Ke3 h5 30. Ke2 Kh7 31. Bf2 f6 32. Bb6 Ne7 33. Rc7 Rxc7 34. Bxc7 Nc8 35. Kd3 Kg7 36. Kd4 Kf7 37. Kd5 Ke7 38. g4 hxg4 39. fxg4 g5 40. c4 Kd7 41. Bd8 Kxd8 42. Ke6 Nb6 43. Kxf6 Nxc4 44. Kxg5 Ke7 45. Kh6 Ne5 46. g5 Kf7 47. Kh7 Ng6 48. Kh6 Nh4 49. Kh7 Ng6 50. Kh6 Nh4 51. Kh7 Ng6 52. Kh6 Nh4 1/2-1/2

[Event "Thessaloniki-Chalkidiki-chT B local"]
[Site "Thessaloniki"]
[Date "2019.03.03"]
[Round "7.8"]
[White "Tziournas, Grammelos"]
[Black "Mertzianidis, Anastasios"]
[Result "0-1"]
[WhiteElo "1008"]
[BlackElo "1038"]
[PlyCount "78"]
[EventDate "2019.01.13"]
[EventType "team-swiss"]
[EventRounds "9"]
[EventCountry "GRE"]
[SourceTitle "EXT 2020"]
[Source "ChessBase"]
[SourceDate "2019.10.17"]
[SourceVersion "1"]
[SourceVersionDate "2019.10.17"]
[SourceQuality "1"]

1. e4 e5 2. Nf3 Nc6 3. Nc3 Nf6 4. Bb5 d6 5. h3 Be7 6. d3 h6 7. 0-0 0-0 8. Be3 Bd7 9. Qd2 a6 10. Ba4 b5 11. Bb3 Na5 12. Bd5 c6 13. Bb3 Nxb3 14. axb3 Qc7 15. Rfe1 Rfe8 16. Ne2 d5 17. exd5 cxd5 18. Qc3 Bd6 19. Qxc7 Bxc7 20. Bd2 Rac8 21. Rxa6 Ra8 22. Rxa8 Rxa8 23. Ng3 Ra2 24. Rb1 e4 25. dxe4 dxe4 26. Nd4 Be5 27. Nge2 Ne8 28. Nc3 Ra8 29. Be3 Rc8 30. Nxe4 Bxd4 31. Bxd4 Rxc2 32. Ra1 Kh7 33. Ra7 Be6 34. Rb7 Bxb3 35. Rxb5 Be6 36. Rb7 Rc4 37. Bxg7 Kxg7 38. Nc3 Nd6 39. f3 Nxb7 0-1

[Event "Thessaloniki White Tower op-C 41th"]
[Site "Thessaloniki"]
[Date "2019.01.06"]
[Round "4.16"]
[White "Tziournas, Grammelos"]
[Black "Vasileiadi, Eleni"]
[Result "1-0"]
[WhiteElo "1010"]
[BlackElo "1111"]
[PlyCount "77"]
[EventDate "2019.01.02"]
[EventType "swiss"]
[EventRounds "6"]
[EventCountry "GRE"]
[SourceTitle "EXT 2024"]
[Source "ChessBase"]
[SourceDate "2023.10.10"]
[SourceVersion "1"]
[SourceVersionDate "2023.10.10"]
[SourceQuality "1"]

1. e4 c5 2. Nc3 g6 3. Nf3 Bg7 4. d3 Nc6 5. Be3 d6 6. h3 Nf6 7. Be2 0-0 8. 0-0 Bd7 9. a3 Qc7 10. Qd2 Rfe8 11. Rab1 b6 12. Rfe1 Rab8 13. Bh6 b5 14. Bxg7 Kxg7 15. Na2 a5 16. c3 b4 17. axb4 axb4 18. cxb4 Nxb4 19. Nxb4 Rxb4 20. Rec1 Qb7 21. Bd1 Rb8 22. b3 Be6 23. Rc3 c4 24. dxc4 Nxe4 25. Qd4+ Kg8 26. Re3 d5 27. Bc2 Nd6 28. Rxe6 fxe6 29. Ng5 Rf8 30. Nxe6 Rf7 31. Nd8 Nb5 32. Qd2 Qb6 33. Nxf7 Kxf7 34. Qxb4 dxc4 35. bxc4 Qe6 36. cxb5 Qb6 37. Bb3+ Ke8 38. Re1 Qb7 39. Ba4 1-0